000 01032nam a22003497a 4500
003 CHAP
005 20220329140009.0
008 971013s1972 r 00010 d
010 _a45267
011 _a46239
035 _a50380
040 _cCHAP
082 _a581.5
_bR4
100 0 0 _aRees, Alun R.
_995434
245 _aCrop processes in controlled environments
250 _aed.
260 _aLondon :
_bAcademic Press,
_c1972
300 _a391 p.
_b: ilus.
490 _aApplied botany
_v; 2
590 _aBATCH-UPD
_b10
_c20130110
_lUCH01
_h1020
590 _aBATCH-UPD
_b10
_c20130410
_lUCH01
_h0626
590 _aBATCH-UPD
_b10
_c20130914
_lUCH01
_h1126
590 _aCONVERSION
_b10
_c20130109
_lUCH01
_h1325
650 1 4 _aCultivos y clima.
_930392
650 1 4 _aEcologĂ­a vegetal.
_935188
650 1 4 _aFisiologĂ­a vegetal.
_941136
650 1 4 _aMicroclima.
_975504
830 0 _aApplied botany
_v; 2
_96358
901 _aBK
942 _cLIBRO
949 _a581.5 R4
_bBC
_cLIBRO
_d33724000542742
_eLIBRO
_h29340
_i50380
_si
999 _c45267
_d45267